[Event "Sherbrooke Perpetuelles 13-26b"]
[Site "Sherbrooke CAN"]
[Date "2005.03.04"]
[Round "1"]
[White "Courteau, Bernard"]
[Black "Mercier, Andre"]
[Result "0-1"]
[WhiteElo "1670"]
[BlackElo "1777"]
[PlyCount "83"]
[GameId "2160767910965590"]
[EventDate "2005.03.??"]
[EventType "swiss"]
[EventRounds "5"]
[EventCountry "CAN"]
[SourceTitle "EXT 2006"]
[Source "ChessBase"]
[SourceDate "2005.11.24"]
[SourceVersion "1"]
[SourceVersionDate "2005.11.24"]
[SourceQuality "1"]

1. e4 c5 2. Nf3 e6 3. d4 cxd4 4. Nxd4 a6 5. c4 b6 6. Nc3 Bb7 7. Be3 Qc7 8. f3 Nc6 9. Nxc6 Bxc6 10. Qd2 Be7 11. Bd3 Nf6 12. O-O d6 13. Rac1 O-O 14. Qf2 Nd7 15. Rfd1 Qb7 16. a4 Nc5 17. Bc2 a5 18. Qg3 Rfd8 19. Bd4 g6 20. h4 e5 21. Be3 h5 22. b3 Kg7 23. Nd5 Bxd5 24. exd5 Rf8 25. f4 Bf6 26. Rf1 Qe7 27. fxe5 Bxe5 28. Bf4 Rae8 29. Rce1 Nd7 30. Bd1 Kh7 31. Qf2 Qf6 32. Bxe5 Qxf2+ 33. Rxf2 Rxe5 34. Ref1 f5 35. g4 hxg4 36. Bxg4 Re4 37. Bxf5 gxf5 38. Rxf5 Rg4+ 39. Kh2 Rxf5 40. Rxf5 Ne5 41. h5 Rg7 42. Rf6 0-1

[Event "Sherbrooke Perpetuelles 13-26b"]
[Site "Sherbrooke CAN"]
[Date "2005.03.04"]
[Round "1"]
[White "Galindo, Gabriel"]
[Black "Ben Ali, Amine"]
[Result "0-1"]
[WhiteElo "1279"]
[BlackElo "1122"]
[PlyCount "62"]
[GameId "2160767910965591"]
[EventDate "2005.03.??"]
[EventType "swiss"]
[EventRounds "5"]
[EventCountry "CAN"]
[SourceTitle "EXT 2006"]
[Source "ChessBase"]
[SourceDate "2005.11.24"]
[SourceVersion "1"]
[SourceVersionDate "2005.11.24"]
[SourceQuality "1"]

1. e4 e5 2. Nf3 Nc6 3. Bc4 Bc5 4. c3 d6 5. d3 Bg4 6. O-O h6 7. h3 Bh5 8. Be3 Bxe3 9. fxe3 Na5 10. Bb3 c6 11. Ba4 b5 12. Bc2 Nf6 13. b4 Nb7 14. Qe1 Bxf3 15. Rxf3 a5 16. Nd2 axb4 17. cxb4 O-O 18. Qg3 d5 19. Bb3 dxe4 20. Nxe4 Nxe4 21. dxe4 Qe7 22. Raf1 Nd6 23. Qg4 Nc4 24. Rf6 Nxe3 25. Rxf7 Nxg4 26. Rxe7+ Kh8 27. hxg4 Rxf1+ 28. Kxf1 Rf8+ 29. Rf7 Rd8 30. Ke2 Rd4 31. Ke3 Rxb4 0-1

[Event "Sherbrooke Perpetuelles 13-26b"]
[Site "Sherbrooke CAN"]
[Date "2005.03.04"]
[Round "1"]
[White "Grenier, Jean-Pierre"]
[Black "Viens, Nicolas"]
[Result "0-1"]
[WhiteElo "1563"]
[BlackElo "1336"]
[PlyCount "142"]
[GameId "2160767910965592"]
[EventDate "2005.03.??"]
[EventType "swiss"]
[EventRounds "5"]
[EventCountry "CAN"]
[SourceTitle "EXT 2006"]
[Source "ChessBase"]
[SourceDate "2005.11.24"]
[SourceVersion "1"]
[SourceVersionDate "2005.11.24"]
[SourceQuality "1"]

1. c4 c5 2. Nc3 Nc6 3. g3 Nf6 4. Bg2 e6 5. e3 d5 6. Nge2 Be7 7. O-O O-O 8. b3 Ne5 9. d3 a6 10. d4 cxd4 11. exd4 Ng6 12. c5 Qc7 13. b4 b5 14. a4 Bd7 15. a5 Bc6 16. Be3 Rad8 17. f4 Ng4 18. Bc1 f6 19. h3 Nh6 20. Qd3 e5 21. Nd1 e4 22. Qb3 Qc8 23. g4 Nf7 24. Qg3 Ngh8 25. h4 Bd7 26. Ne3 Bc6 27. Bh3 Qb8 28. Nf5 Rfe8 29. g5 fxg5 30. Nxe7+ Rxe7 31. hxg5 g6 32. Kg2 Rf8 33. Rh1 Nd8 34. Be3 Bd7 35. Nc3 Bc6 36. Rh2 Rff7 37. Rah1 Qc7 38. Bg4 Ne6 39. Ne2 Kf8 40. Rf1 Ke8 41. Ng1 Nxg5 42. f5 Qxg3+ 43. Kxg3 Nf3 44. fxg6 Nxg6 45. Rhf2 Nxg1 46. Rxf7 Rxf7 47. Rxg1 Rg7 48. Bh6 Rf7 49. Rh1 Bd7 50. Be2 Ne7 51. Bh5 Ng6 52. Bf4 Rxf4 53. Bxg6+ hxg6 54. Kxf4 Kf7 55. Kg5 Bf5 56. Rh7+ Kg8 57. Ra7 Kf8 58. Kf6 Kg8 59. Rxa6 e3 60. Ra7 e2 61. Re7 Be4 62. a6 e1=Q 63. a7 Qf2+ 64. Ke6 Qf5+ 65. Kd6 Qf6+ 66. Kd7 Bf5+ 67. Kd8 Qa6 68. Rc7 Kf8 69. c6 g5 70. Rb7 Qxc6 71. a8=Q Qd6+ 0-1

[Event "Sherbrooke Perpetuelles 13-26b"]
[Site "Sherbrooke CAN"]
[Date "2005.03.04"]
[Round "1"]
[White "Jolin, Fernand"]
[Black "Belzil, Julien"]
[Result "1-0"]
[WhiteElo "1477"]
[BlackElo "1318"]
[PlyCount "49"]
[GameId "2160767910965593"]
[EventDate "2005.03.??"]
[EventType "swiss"]
[EventRounds "5"]
[EventCountry "CAN"]
[SourceTitle "EXT 2006"]
[Source "ChessBase"]
[SourceDate "2005.11.24"]
[SourceVersion "1"]
[SourceVersionDate "2005.11.24"]
[SourceQuality "1"]

1. Nf3 d5 2. d4 Nc6 3. g3 Bf5 4. a3 Nf6 5. Nbd2 e6 6. Bg2 Bd6 7. O-O O-O 8. c3 Ne7 9. Nh4 Bg4 10. h3 Bh5 11. Qb3 Qc8 12. e4 c6 13. e5 Be2 14. Re1 Bc4 15. Nxc4 dxc4 16. Qxc4 b5 17. Qe2 Nfd5 18. exd6 Nf5 19. Nxf5 exf5 20. Bxd5 cxd5 21. Qe7 Qc6 22. Bf4 Rfe8 23. Qc7 Qa6 24. Rxe8+ Rxe8 25. d7 1-0

[Event "Sherbrooke Perpetuelles 13-26b"]
[Site "Sherbrooke CAN"]
[Date "2005.03.04"]
[Round "1"]
[White "Ouellet-Lahaie, Didier"]
[Black "Poirier, Vincent"]
[Result "0-1"]
[WhiteElo "1679"]
[BlackElo "1334"]
[PlyCount "56"]
[GameId "2160767910965594"]
[EventDate "2005.03.??"]
[EventType "swiss"]
[EventRounds "5"]
[EventCountry "CAN"]
[SourceTitle "EXT 2006"]
[Source "ChessBase"]
[SourceDate "2005.11.24"]
[SourceVersion "1"]
[SourceVersionDate "2005.11.24"]
[SourceQuality "1"]

1. e4 c5 2. b3 Nc6 3. Bb2 e6 4. Nf3 d6 5. d4 cxd4 6. Nxd4 Bd7 7. Nc3 a6 8. Be2 Nf6 9. f4 Be7 10. Nxc6 Bxc6 11. Bf3 Qb6 12. Qe2 O-O 13. O-O-O Nd7 14. g4 Nc5 15. g5 a5 16. h4 f5 17. gxf6 Bxf6 18. Rhg1 Qc7 19. h5 a4 20. h6 g6 21. Bh5 axb3 22. axb3 Nxb3+ 23. cxb3 Bxc3 24. Bxc3 Bxe4 25. Kb2 Ra2+ 26. Kxa2 Qxc3 27. Qb2 Ra8+ 28. Qa3 Qc2+ 0-1

[Event "Sherbrooke Perpetuelles 13-26b"]
[Site "Sherbrooke CAN"]
[Date "2005.03.04"]
[Round "1"]
[White "Saziouk, Alexandre"]
[Black "Germain, Benoit"]
[Result "1/2-1/2"]
[WhiteElo "1733"]
[BlackElo "1751"]
[PlyCount "101"]
[GameId "2160767910965595"]
[EventDate "2005.03.??"]
[EventType "swiss"]
[EventRounds "5"]
[EventCountry "CAN"]
[SourceTitle "EXT 2006"]
[Source "ChessBase"]
[SourceDate "2005.11.24"]
[SourceVersion "1"]
[SourceVersionDate "2005.11.24"]
[SourceQuality "1"]

1. d4 Nf6 2. Nf3 g6 3. Bg5 Bg7 4. Nbd2 d5 5. c3 O-O 6. e3 b6 7. Bd3 Bb7 8. O-O Nbd7 9. Re1 c5 10. b4 Ne4 11. Qc2 Nxg5 12. Nxg5 e5 13. Nh3 exd4 14. exd4 cxd4 15. cxd4 Bxd4 16. Rac1 Be5 17. Nf3 Bd6 18. Qd2 Qf6 19. Bb5 Ne5 20. Nd4 Rfd8 21. a3 Rac8 22. Qg5 Qxg5 23. Nxg5 a6 24. Bf1 Nc4 25. Rc3 Nxa3 26. Rxa3 Bxb4 27. Raa1 Bxe1 28. Rxe1 Re8 29. Ra1 Rc7 30. f4 h6 31. Ngf3 Rec8 32. Kf2 b5 33. f5 Rc1 34. Ra2 gxf5 35. Bd3 R8c3 36. Bxf5 Rc7 37. Ke3 R1c3+ 38. Kd2 b4 39. Ne5 Rc1 40. Nd7 Rg1 41. Nf6+ Kf8 42. Ke3 Rc3+ 43. Kf2 Rd1 44. Re2 Rc8 45. Bxc8 Bxc8 46. Re8+ Kg7 47. Nh5+ Kg6 48. Nf4+ Kf6 49. Rxc8 Rxd4 50. Rc6+ Ke5 51. Ne2 1/2-1/2

[Event "Sherbrooke Perpetuelles 13-26b"]
[Site "Sherbrooke CAN"]
[Date "2005.03.04"]
[Round "1"]
[White "Straehl, Patrick"]
[Black "Laroche, Abel"]
[Result "1-0"]
[WhiteElo "1148"]
[BlackElo "1143"]
[PlyCount "86"]
[GameId "2160767910965596"]
[EventDate "2005.03.??"]
[EventType "swiss"]
[EventRounds "5"]
[EventCountry "CAN"]
[SourceTitle "EXT 2006"]
[Source "ChessBase"]
[SourceDate "2005.11.24"]
[SourceVersion "1"]
[SourceVersionDate "2005.11.24"]
[SourceQuality "1"]

1. d4 Nf6 2. Nc3 e6 3. e4 d6 4. Nf3 Be7 5. Be2 O-O 6. O-O b6 7. h3 Bb7 8. Bd3 c5 9. Be3 cxd4 10. Nxd4 Nc6 11. a3 Ne5 12. Nce2 Rc8 13. Bf4 Ng6 14. f3 Nh5 15. Be3 Bh4 16. Bf2 Ngf4 17. Nxf4 Nxf4 18. Kh2 Qg5 19. g3 Nxd3 20. cxd3 Bxg3+ 21. Bxg3 Rc6 22. Rg1 Qe3 23. Qe2 Qxe2+ 24. Nxe2 Rc2 25. Rg2 Rxb2 26. Bxd6 Rd8 27. Be5 Rb3 28. Nf4 g6 29. Bf6 Rc8 30. a4 Ba6 31. Rd2 Kf8 32. Kg3 Ke8 33. h4 Rc5 34. d4 Rcc3 35. Rf2 Rc6 36. a5 b5 37. Kg4 h5+ 38. Kg5 Rcc3 39. Raf1 b4 40. d5 Rc5 41. Ra1 exd5 42. exd5 Bc4 43. Rc1 Kd7 1-0

[Event "Sherbrooke Perpetuelles 13-26b"]
[Site "Sherbrooke CAN"]
[Date "2005.03.11"]
[Round "2"]
[White "Ouellet-Lahaie, Didier"]
[Black "Pilotte, Benoit"]
[Result "1/2-1/2"]
[WhiteElo "1679"]
[BlackElo "1778"]
[PlyCount "68"]
[GameId "2160767910965597"]
[EventDate "2005.03.??"]
[EventType "swiss"]
[EventRounds "5"]
[EventCountry "CAN"]
[SourceTitle "EXT 2006"]
[Source "ChessBase"]
[SourceDate "2005.11.24"]
[SourceVersion "1"]
[SourceVersionDate "2005.11.24"]
[SourceQuality "1"]

1. e4 Nh6 2. d4 g6 3. Nc3 Bg7 4. f4 O-O 5. Be2 c5 6. d5 d6 7. Nf3 Qb6 8. a4 Bd7 9. O-O c4+ 10. Kh1 Ng4 11. h3 Nf2+ 12. Rxf2 Qxf2 13. Bxc4 Rc8 14. Qd3 Qc5 15. b3 Na6 16. Be3 Qa5 17. Bd4 b5 18. Nxb5 Nc5 19. Qe3 Bxd4 20. Nbxd4 Nxa4 21. Nc6 Bxc6 22. dxc6 Qc3 23. Qd4 Qxd4 24. Nxd4 Nc3 25. Ba6 Rc7 26. Bb7 Rd8 27. Rxa7 e5 28. fxe5 dxe5 29. Nf3 f5 30. b4 Rd1+ 31. Kh2 Rc1 32. Ra5 Nxe4 33. Rd5 Rxc2 34. Rd8+ Kf7 1/2-1/2

[Event "Sherbrooke Perpetuelles 13-26b"]
[Site "Sherbrooke CAN"]
[Date "2005.03.18"]
[Round "3"]
[White "Belzil, Julien"]
[Black "Courteau, Bernard"]
[Result "0-1"]
[WhiteElo "1318"]
[BlackElo "1670"]
[PlyCount "30"]
[GameId "2160767910965598"]
[EventDate "2005.03.??"]
[EventType "swiss"]
[EventRounds "5"]
[EventCountry "CAN"]
[SourceTitle "EXT 2006"]
[Source "ChessBase"]
[SourceDate "2005.11.24"]
[SourceVersion "1"]
[SourceVersionDate "2005.11.24"]
[SourceQuality "1"]

1. c4 c5 2. Nc3 Nc6 3. e4 d6 4. h3 g6 5. d3 Bg7 6. Nd5 e6 7. Nc3 Nge7 8. Nf3 O-O 9. Be2 b6 10. O-O Bb7 11. Nb5 Qd7 12. Rb1 h5 13. Nh2 f5 14. Be3 e5 15. Qd2 Kh7 0-1

[Event "Sherbrooke Perpetuelles 13-26b"]
[Site "Sherbrooke CAN"]
[Date "2005.03.18"]
[Round "3"]
[White "Courchesne, Alain"]
[Black "Laroche, Abel"]
[Result "1-0"]
[WhiteElo "1015"]
[BlackElo "1143"]
[PlyCount "31"]
[GameId "2160767910965599"]
[EventDate "2005.03.??"]
[EventType "swiss"]
[EventRounds "5"]
[EventCountry "CAN"]
[SourceTitle "EXT 2006"]
[Source "ChessBase"]
[SourceDate "2005.11.24"]
[SourceVersion "1"]
[SourceVersionDate "2005.11.24"]
[SourceQuality "1"]

1. b4 d5 2. a3 e6 3. d4 Nf6 4. e3 c6 5. c4 Nbd7 6. c5 b6 7. Qc2 bxc5 8. bxc5 g6 9. Bb2 Bg7 10. Nd2 O-O 11. Ngf3 Re8 12. h3 Bf8 13. Bd3 Nxc5 14. dxc5 Nd7 15. Qc3 Nxc5 16. Qh8# 1-0

[Event "Sherbrooke Perpetuelles 13-26b"]
[Site "Sherbrooke CAN"]
[Date "2005.03.18"]
[Round "3"]
[White "Viens, Nicolas"]
[Black "Galindo, Gabriel"]
[Result "0-1"]
[WhiteElo "1336"]
[BlackElo "1279"]
[PlyCount "46"]
[GameId "2160767910965600"]
[EventDate "2005.03.??"]
[EventType "swiss"]
[EventRounds "5"]
[EventCountry "CAN"]
[SourceTitle "EXT 2006"]
[Source "ChessBase"]
[SourceDate "2005.11.24"]
[SourceVersion "1"]
[SourceVersionDate "2005.11.24"]
[SourceQuality "1"]

1. e4 b6 2. Bc4 e5 3. Nc3 Bb7 4. d3 Nf6 5. Nf3 Bd6 6. Bg5 h6 7. Be3 O-O 8. Qd2 a6 9. h3 c6 10. O-O-O Bc7 11. g4 b5 12. Bb3 b4 13. Ne2 d5 14. exd5 cxd5 15. d4 Qe7 16. dxe5 Bxe5 17. Nfd4 a5 18. c3 Ne4 19. Qe1 a4 20. Bc2 bxc3 21. Bxe4 cxb2+ 22. Kxb2 Bxd4+ 23. Nxd4 Qxe4 0-1

[Event "Sherbrooke Perpetuelles 13-26b"]
[Site "Sherbrooke CAN"]
[Date "2005.03.11"]
[Round "4"]
[White "Galindo, Gabriel"]
[Black "Belzil, Julien"]
[Result "0-1"]
[WhiteElo "1279"]
[BlackElo "1318"]
[PlyCount "47"]
[GameId "2160767910965601"]
[EventDate "2005.03.??"]
[EventType "swiss"]
[EventRounds "5"]
[EventCountry "CAN"]
[SourceTitle "EXT 2006"]
[Source "ChessBase"]
[SourceDate "2005.11.24"]
[SourceVersion "1"]
[SourceVersionDate "2005.11.24"]
[SourceQuality "1"]

1. d4 d5 2. a3 Nf6 3. Nc3 Nc6 4. Bf4 Bf5 5. e3 h6 6. h3 g5 7. Bg3 Qd7 8. Nf3 a6 9. Ne5 Qe6 10. Be2 Be4 11. Bg4 Nxg4 12. Nxg4 Bxg2 13. Be5 f6 14. Rg1 fxe5 15. dxe5 Be4 16. f3 Bf5 17. Nxd5 O-O-O 18. c4 Nxe5 19. e4 Bxg4 20. hxg4 Nxc4 21. Qb3 b5 22. a4 Rxd5 23. axb5 Rxb5 24. Qd3 0-1

[Event "Sherbrooke Perpetuelles 13-26b"]
[Site "Sherbrooke CAN"]
[Date "2005.03.11"]
[Round "4"]
[White "Germain, Benoit"]
[Black "Courteau, Bernard"]
[Result "0-1"]
[WhiteElo "1751"]
[BlackElo "1670"]
[PlyCount "62"]
[GameId "2160767910965602"]
[EventDate "2005.03.??"]
[EventType "swiss"]
[EventRounds "5"]
[EventCountry "CAN"]
[SourceTitle "EXT 2006"]
[Source "ChessBase"]
[SourceDate "2005.11.24"]
[SourceVersion "1"]
[SourceVersionDate "2005.11.24"]
[SourceQuality "1"]

1. e4 e5 2. Nf3 Nc6 3. Bb5 a6 4. Ba4 Nf6 5. O-O b5 6. Bb3 Be7 7. Re1 O-O 8. c3 d6 9. d4 Bg4 10. Be3 Nxe4 11. Bd5 Na5 12. Bxe4 d5 13. Bxh7+ Kh8 14. Bc2 e4 15. h3 Bh5 16. g4 Bg6 17. Ne5 Bh7 18. b4 Bd6 19. bxa5 Qh4 20. Kg2 f6 21. Qd2 Rae8 22. Bb3 Be7 23. Nd7 f5 24. Nxf8 Rxf8 25. Bd1 g5 26. f4 exf3+ 27. Bxf3 fxg4 28. hxg4 Rxf3 29. Kxf3 Be4+ 30. Ke2 Qxg4+ 31. Kf1 Qh3+ 0-1

[Event "Sherbrooke Perpetuelles 13-26b"]
[Site "Sherbrooke CAN"]
[Date "2005.03.11"]
[Round "4"]
[White "Germain, Emile"]
[Black "Poirier, Vincent"]
[Result "1-0"]
[WhiteElo "1424"]
[BlackElo "1334"]
[PlyCount "61"]
[GameId "2160767910965603"]
[EventDate "2005.03.??"]
[EventType "swiss"]
[EventRounds "5"]
[EventCountry "CAN"]
[SourceTitle "EXT 2006"]
[Source "ChessBase"]
[SourceDate "2005.11.24"]
[SourceVersion "1"]
[SourceVersionDate "2005.11.24"]
[SourceQuality "1"]

1. d4 Nf6 2. c4 e6 3. Nc3 Be7 4. e4 d5 5. e5 Ne4 6. Nxe4 dxe4 7. Be3 O-O 8. a3 b6 9. b4 Bb7 10. Ne2 f5 11. Nf4 Qe8 12. Be2 Nc6 13. O-O Qf7 14. Qb3 g5 15. Bh5 Qg7 16. Nxe6 Qh6 17. Nxf8 Rxf8 18. c5+ Kh8 19. Be2 f4 20. d5 fxe3 21. dxc6 exf2+ 22. Rxf2 Rxf2 23. Kxf2 Bxc6 24. cxb6 axb6 25. Kg1 Qg7 26. Qc3 Bd6 27. Rc1 Bxe5 28. Qxc6 Bf4 29. Qe8+ Qg8 30. Qxg8+ Kxg8 31. Rc4 1-0

[Event "Sherbrooke Perpetuelles 13-26b"]
[Site "Sherbrooke CAN"]
[Date "2005.03.11"]
[Round "4"]
[White "Mercier, Andre"]
[Black "Lopez, Jose"]
[Result "1-0"]
[WhiteElo "1777"]
[BlackElo "1762"]
[PlyCount "68"]
[GameId "2160767910965604"]
[EventDate "2005.03.??"]
[EventType "swiss"]
[EventRounds "5"]
[EventCountry "CAN"]
[SourceTitle "EXT 2006"]
[Source "ChessBase"]
[SourceDate "2005.11.24"]
[SourceVersion "1"]
[SourceVersionDate "2005.11.24"]
[SourceQuality "1"]

1. d4 d5 2. Nf3 Nf6 3. g3 e6 4. Bg2 Nbd7 5. O-O Bd6 6. c4 c6 7. Qc2 O-O 8. Nbd2 Re8 9. b3 e5 10. dxe5 Nxe5 11. Bb2 Bg4 12. Rfe1 Qd7 13. Nxe5 Bxe5 14. Bxe5 Rxe5 15. Nf3 Rh5 16. cxd5 cxd5 17. Rac1 Ne4 18. Red1 Qf5 19. Qc7 Bh3 20. Bh1 Re8 21. Qxb7 Nxf2 22. Qb5 Qe4 23. Kxf2 Qe3+ 24. Ke1 d4 25. Qd3 Qe7 26. Rd2 Bg4 27. h4 f5 28. Qxd4 Rh6 29. Qd5+ Kh8 30. Rc6 Rxc6 31. Qxc6 f4 32. gxf4 Bxf3 33. Bxf3 Qxh4+ 34. Kd1 Qe7 1-0

[Event "Sherbrooke Perpetuelles 13-26b"]
[Site "Sherbrooke CAN"]
[Date "2005.03.11"]
[Round "4"]
[White "Straehl, Patrick"]
[Black "Ben Ali, Amine"]
[Result "0-1"]
[WhiteElo "1148"]
[BlackElo "1122"]
[PlyCount "74"]
[GameId "2160767910965606"]
[EventDate "2005.03.??"]
[EventType "swiss"]
[EventRounds "5"]
[EventCountry "CAN"]
[SourceTitle "EXT 2006"]
[Source "ChessBase"]
[SourceDate "2005.11.24"]
[SourceVersion "1"]
[SourceVersionDate "2005.11.24"]
[SourceQuality "1"]

1. d4 d5 2. c4 e6 3. Nc3 h6 4. a3 Nf6 5. e3 dxc4 6. Bxc4 c5 7. Nf3 cxd4 8. Nxd4 e5 9. Nf3 Qxd1+ 10. Nxd1 Bd6 11. O-O b6 12. Nc3 Nbd7 13. Rd1 Bb8 14. Rd2 Bb7 15. b4 Bxf3 16. gxf3 a6 17. Bb2 O-O 18. Rad1 b5 19. Bb3 Nb6 20. Ne2 e4 21. f4 Kh7 22. Ng3 Nbd7 23. Kh1 g5 24. fxg5 hxg5 25. Rg1 Be5 26. Bxe5 Nxe5 27. Bd1 Rad8 28. Rxd8 Rxd8 29. Nf5 Nd3 30. Rf1 Nxf2+ 31. Rxf2 Rxd1+ 32. Kg2 Nd5 33. Kg3 Rd3 34. Nd6 Nxe3 35. Nxe4 Kg6 36. Rf6+ Kh5 37. Rxa6 Nc2+ 0-1

[Event "Sherbrooke Perpetuelles 13-26b"]
[Site "Sherbrooke CAN"]
[Date "2005.03.11"]
[Round "4"]
[White "Viens, Nicolas"]
[Black "Jolin, Fernand"]
[Result "1-0"]
[WhiteElo "1336"]
[BlackElo "1477"]
[PlyCount "51"]
[GameId "2160767910965607"]
[EventDate "2005.03.??"]
[EventType "swiss"]
[EventRounds "5"]
[EventCountry "CAN"]
[SourceTitle "EXT 2006"]
[Source "ChessBase"]
[SourceDate "2005.11.24"]
[SourceVersion "1"]
[SourceVersionDate "2005.11.24"]
[SourceQuality "1"]

1. e4 e5 2. Bc4 Nf6 3. d3 g6 4. Nc3 Bg7 5. Bg5 d6 6. h3 O-O 7. Qf3 Nbd7 8. O-O-O c6 9. Nge2 b5 10. Bb3 a5 11. a3 a4 12. Ba2 h6 13. Be3 Ba6 14. Qg3 c5 15. Qxg6 c4 16. Qg3 Nh5 17. Qf3 Nhf6 18. g4 Nh7 19. h4 Qf6 20. Qg2 Qe7 21. g5 hxg5 22. hxg5 Qe6 23. Nd5 Rac8 24. Qh2 Nxg5 25. Bxg5 Qg6 26. Ne7# 1-0

[Event "Sherbrooke Perpetuelles 13-26b"]
[Site "Sherbrooke CAN"]
[Date "2005.03.18"]
[Round "4"]
[White "Jolin, Fernand"]
[Black "Straehl, Patrick"]
[Result "0-1"]
[WhiteElo "1477"]
[BlackElo "1148"]
[PlyCount "94"]
[GameId "2160767910965608"]
[EventDate "2005.03.??"]
[EventType "swiss"]
[EventRounds "5"]
[EventCountry "CAN"]
[SourceTitle "EXT 2006"]
[Source "ChessBase"]
[SourceDate "2005.11.24"]
[SourceVersion "1"]
[SourceVersionDate "2005.11.24"]
[SourceQuality "1"]

1. Nf3 c5 2. g3 Nc6 3. Bg2 e6 4. O-O d6 5. Nc3 Nf6 6. d3 b6 7. Bg5 Be7 8. Bxf6 Bxf6 9. Rb1 Bb7 10. Nd2 d5 11. e4 dxe4 12. Ndxe4 O-O 13. Qf3 Bxc3 14. Nxc3 Qd7 15. Rfd1 Na5 16. Qe3 Bxg2 17. Kxg2 Nc6 18. a3 Rac8 19. Ne2 Nd4 20. Nxd4 Qxd4 21. Qxd4 cxd4 22. Rbc1 Rc5 23. f4 f6 24. Re1 e5 25. b4 Rc3 26. a4 exf4 27. gxf4 Rfc8 28. Re2 Kf7 29. Re4 Rxc2+ 30. Rxc2 Rxc2+ 31. Kg3 Ra2 32. Rxd4 Rxa4 33. Kf3 a5 34. Rd7+ Kg6 35. bxa5 bxa5 36. h4 Ra3 37. Ke4 a4 38. f5+ Kh6 39. d4 Rh3 40. Kd5 a3 41. Ke6 Rxh4 42. d5 Ra4 43. Rc7 a2 44. Rc1 a1=Q 45. Rxa1 Rxa1 46. d6 Ra6 47. Ke7 Rxd6 0-1

[Event "Sherbrooke Perpetuelles 13-26c"]
[Site "Sherbrooke CAN"]
[Date "2005.04.22"]
[Round "2"]
[White "Belzil, Julien"]
[Black "Laplante, Sebastien"]
[Result "1-0"]
[WhiteElo "1312"]
[BlackElo "1134"]
[PlyCount "59"]
[GameId "2160767910968919"]
[EventDate "2005.04.??"]
[EventType "swiss"]
[EventRounds "5"]
[EventCountry "CAN"]
[SourceTitle "EXT 2006"]
[Source "ChessBase"]
[SourceDate "2005.11.24"]
[SourceVersion "1"]
[SourceVersionDate "2005.11.24"]
[SourceQuality "1"]

1. c4 e5 2. e4 d6 3. Nc3 Be6 4. d3 c5 5. Nf3 Be7 6. Be2 Nc6 7. O-O h6 8. Qa4 Nf6 9. Nd5 Bd7 10. Qb3 Na5 11. Qc2 Bg4 12. Bd2 Nc6 13. Qa4 O-O 14. h3 Bxf3 15. Bxf3 Nd4 16. Bd1 Nxd5 17. cxd5 b5 18. Qa3 b4 19. Qa6 Qc7 20. Qc4 f5 21. f4 fxe4 22. dxe4 Bg5 23. fxg5 Rxf1+ 24. Qxf1 Rf8 25. Qd3 c4 26. Qg3 h5 27. g6 Qb6 28. Qe3 Rf2 29. Qxf2 a5 30. Qf7+ 1-0

[Event "Sherbrooke Perpetuelles 13-26c"]
[Site "Sherbrooke CAN"]
[Date "2005.04.22"]
[Round "2"]
[White "Germain, Benoit"]
[Black "Mercier, Andre"]
[Result "1-0"]
[WhiteElo "1706"]
[BlackElo "1811"]
[PlyCount "69"]
[GameId "2160767910968920"]
[EventDate "2005.04.??"]
[EventType "swiss"]
[EventRounds "5"]
[EventCountry "CAN"]
[SourceTitle "EXT 2006"]
[Source "ChessBase"]
[SourceDate "2005.11.24"]
[SourceVersion "1"]
[SourceVersionDate "2005.11.24"]
[SourceQuality "1"]

1. c4 g6 2. d4 Bg7 3. Nf3 Nf6 4. Nc3 d6 5. g3 Nbd7 6. Bg2 O-O 7. O-O e5 8. dxe5 Nxe5 9. Nxe5 dxe5 10. Bg5 h6 11. Qxd8 Rxd8 12. Bxf6 Bxf6 13. Nd5 Bg7 14. Nxc7 Rb8 15. Nd5 Be6 16. Rad1 Bxd5 17. Rxd5 Rxd5 18. cxd5 f5 19. e4 Rc8 20. Rd1 b6 21. d6 Bf8 22. d7 Rd8 23. exf5 gxf5 24. Bh3 f4 25. gxf4 exf4 26. Rd4 Bg7 27. Re4 Bf6 28. Re8+ Kf7 29. Be6+ Kg7 30. Kg2 h5 31. Kf3 Bg5 32. Ke4 Kg6 33. Kd5 f3 34. Kc6 Bh4 35. Kc7 1-0

[Event "Sherbrooke Perpetuelles 13-26c"]
[Site "Sherbrooke CAN"]
[Date "2005.04.22"]
[Round "2"]
[White "Germain, Emile"]
[Black "Jolin, Fernand"]
[Result "1-0"]
[WhiteElo "1438"]
[BlackElo "1411"]
[PlyCount "69"]
[GameId "2160767910968921"]
[EventDate "2005.04.??"]
[EventType "swiss"]
[EventRounds "5"]
[EventCountry "CAN"]
[SourceTitle "EXT 2006"]
[Source "ChessBase"]
[SourceDate "2005.11.24"]
[SourceVersion "1"]
[SourceVersionDate "2005.11.24"]
[SourceQuality "1"]

1. e4 e5 2. Nf3 d6 3. Nc3 Nf6 4. Bc4 Be7 5. d3 h6 6. Be3 O-O 7. h3 Nbd7 8. Qd2 c6 9. h4 b5 10. Bb3 a5 11. a3 Ng4 12. Ne2 Nxe3 13. Qxe3 a4 14. Ba2 Qb6 15. d4 exd4 16. Nexd4 c5 17. Nf5 Bf6 18. O-O-O Bd4 19. N3xd4 cxd4 20. Rxd4 Ne5 21. Nxd6 Rd8 22. Rhd1 Be6 23. Bxe6 fxe6 24. Qg3 Nc6 25. R4d3 e5 26. Nf5 Qc7 27. Nxh6+ Kh7 28. Nf5 g6 29. Ne3 Nd4 30. Kb1 Ne2 31. Qg5 Rxd3 32. Rxd3 Nd4 33. Rc3 Qd6 34. Nd5 Rf8 35. Rc7+ 1-0

[Event "Sherbrooke Perpetuelles 13-26c"]
[Site "Sherbrooke CAN"]
[Date "2005.04.22"]
[Round "2"]
[White "Ouellet-Lahaie, Didier"]
[Black "Pilotte, Benoit"]
[Result "0-1"]
[WhiteElo "1659"]
[BlackElo "1757"]
[PlyCount "42"]
[GameId "2160767910968923"]
[EventDate "2005.04.??"]
[EventType "swiss"]
[EventRounds "5"]
[EventCountry "CAN"]
[SourceTitle "EXT 2006"]
[Source "ChessBase"]
[SourceDate "2005.11.24"]
[SourceVersion "1"]
[SourceVersionDate "2005.11.24"]
[SourceQuality "1"]

1. e4 d6 2. c4 g6 3. Nc3 Bg7 4. g3 c5 5. Bg2 Nc6 6. d3 Nf6 7. Nge2 a6 8. f4 Bg4 9. h3 Bxe2 10. Qxe2 Nd4 11. Qf2 Rb8 12. O-O O-O 13. g4 b5 14. Be3 b4 15. Bxd4 Nxg4 16. Bxg7 Nxf2 17. Bxf8 bxc3 18. Bxe7 Qxe7 19. Rxf2 Rxb2 20. Rc1 Rxf2 21. Kxf2 Qb7 0-1